Normal view
MARC view
Entry Personal Name
001 - CONTROL NUMBER
- control field: 37414
003 - CONTROL NUMBER IDENTIFIER
- control field: OSt
005 - DATE AND TIME OF LATEST TRANSACTION
- control field: 20160209122037.0
008 - FIXED-LENGTH DATA ELEMENTS
- fixed length control field: 160209|| aca||aabn | a|a d
040 ## - CATALOGING SOURCE
- Original cataloging agency: OSt
- Transcribing agency: OSt
100 ## - HEADING--PERSONAL NAME
- Personal name: जोशी शांति
670 ## - SOURCE DATA FOUND
- Source citation: Work cat.: (OSt)25704: जोशी शांति , नीतिशास्त्र









